Korean travel literature / (Registro nro. 33980)
[ vista simple ]
| 000 -CABECERA | |
|---|---|
| campo de control de longitud fija | 00721nam a2200205 a 4500 |
| 001 - NÚMERO DE CONTROL | |
| campo de control | 000034489 |
| 005 - FECHA Y HORA DE LA ÚLTIMA TRANSACCIÓN | |
| campo de control | 20200930073728.0 |
| 008 - DATOS DE LONGITUD FIJA--INFORMACIÓN GENERAL | |
| campo de control de longitud fija | 111005s2006 ko 000 0 spa d |
| 020 ## - NÚMERO INTERNACIONAL ESTÁNDAR DEL LIBRO | |
| Número Internacional Estándar del Libro | 897300698304810 |
| 040 ## - FUENTE DE LA CATALOGACIÓN | |
| Centro catalogador/agencia de origen | DO-SdBNP |
| Lengua de catalogación | spa |
| Centro/agencia transcriptor | BNPHU |
| 049 ## - FONDOS LOCALES (OCLC) | |
| Fondos de biblioteca | BNPD |
| 100 1# - ENTRADA PRINCIPAL--NOMBRE DE PERSONA | |
| Nombre de persona | Kim, Tʻae-jun, |
| Fechas asociadas al nombre | 1939- |
| 9 (RLIN) | 59932 |
| 240 10 - TÍTULO UNIFORME | |
| Título uniforme | Hanʾguk ûi yôhaeng munhak |
| Lenguaje de la obra | English |
| 245 10 - MENCIÓN DE TÍTULO | |
| Título | Korean travel literature / |
| Mención de responsabilidad, etc. | Kim Tae Joon ; translated by Lee Kyong-hee. |
| 260 ## - PUBLICACIÓN, DISTRIBUCIÓN, ETC. | |
| Lugar de publicación, distribución, etc. | Korea : |
| Nombre del editor, distribuidor, etc. | Ewha Woman University Press, |
| Fecha de publicación, distribución, etc. | 2006. |
| 300 ## - DESCRIPCIÓN FÍSICA | |
| Extensión | 157 p. : |
| Otras características físicas | il., map., retrs. ; |
| Dimensiones | 19 cm. |
| 490 1# - MENCIÓN DE SERIE | |
| Mención de serie | The Spirit of Korean cultural roots ; |
| Designación de volumen o secuencia | 16 |
| 700 12 - PUNTO DE ACCESO ADICIONAL--NOMBRE DE PERSONA | |
| Nombre de persona | Lee, Kyong-hee, |
| Fechas asociadas al nombre | 1947- |
| 9 (RLIN) | 59933 |
| 830 #0 - PUNTO DE ACCESO ADICIONAL DE SERIE-TÍTULO UNIFORME | |
| Título uniforme | The Spirit of Korean cultural roots ; |
| Designación de volumen o secuencia | 16 |
| 9 (RLIN) | 59934 |
| Estado de retiro | Estado de pérdida | Restricciones de uso | No para préstamo | Código de colección | Localización permanente | Ubicación/localización actual | Ubicación en estantería | Fecha de adquisición | Número de inventario | Total de préstamos | Signatura topográfica completa | Código de barras | Fecha visto por última vez | Precio válido a partir de | Tipo de ítem Koha |
|---|---|---|---|---|---|---|---|---|---|---|---|---|---|---|---|
| Excluido de préstamo | Monografías: Libros y Folletos | General | General | En catalogación | 05.10.2011 | LF1 | 34489-10 | 25.06.2020 | 25.06.2020 | No se presta |
